Personnages Dragon Ball - Statistiques

Statistiques générales
  • Ce quiz a été pris 47 fois
  • Le résultat moyen est 14 sur 16
Statistiques - réponses
Par images Réponse % Correct
Bulma
98%
Kame Sennin
98%
Boo
96%
Piccolo
96%
Vegeta
96%
C 18
93%
Freezer
93%
Krilin
93%
Son goku
91%
Cell
89%
Mr Satan
87%
Yamcha
87%
Chi-Chi
85%
Ten Shin Han
80%
Tao Paï Paï
70%
Yajirobe
70%
Aucun quiz correspondant
Distribution des résultats
% des personnes avec chaque résultat
Percentile par nombre de réponses
Votre historique - résultats
Vous n’avez pas pris ce quiz